| 000 | 01063aam a2200301 a 4500 | ||
|---|---|---|---|
| 999 |
_c325806 _d325806 |
||
| 003 | BLK | ||
| 005 | 20231125151115.0 | ||
| 008 | 180914b bul||||| |||| 00| 0 bul d | ||
| 020 | _a978-619-222-255-0 | ||
| 040 | _aBLK | ||
| 041 |
_aBUL _cBUL |
||
| 080 | _z372.47(076)(075.2) | ||
| 100 |
_aАнгелова, Владимира Стефанова _9306220 _eпърви автор |
||
| 139 |
_aАнгелова, Владимира Стефанова _bА 64 |
||
| 245 |
_aСборник по математика за ІІІ клас : по новата програма _cВладимира Ангелова, Жана Колева |
||
| 257 | _aBGR | ||
| 260 |
_bПросвета плюс _c2017 _aСофия |
||
| 300 |
_a120 с. : с ил. _c29 см |
||
| 380 | _a3 | ||
| 650 | 0 |
_9285947 _aМатематика - задачи |
|
| 700 |
_aКолева, Жана Костова _eсъавт. _91445 |
||
| 852 |
_bД _cДН 372.47/А 64 |
||
| 942 |
_cKNG _2udc _n0 _09 |
||
| 999 | _d325806 | ||
| 999 | _d325806 | ||
| 999 | _d322831 | ||
| 999 | _d322831 | ||
| 944 |
_k30535 _lХристина Везирева |
||